[Event "Rio de Janeiro Fexerj op"]
[Site "Rio de Janeiro"]
[Date "2019.06.08"]
[Round "5"]
[White "Okamura, Milton Kasuo"]
[Black "Correa De Albuquerque, Pedro Henrique"]
[Result "1-0"]
[WhiteElo "1990"]
[BlackElo "1647"]
[PlyCount "87"]
[EventDate "2019.06.01"]
[EventType "swiss"]
[EventRounds "6"]
[EventCountry "BRA"]
[SourceTitle "CBM 190 Extra"]
[Source "ChessBase"]
[SourceDate "2019.07.15"]
[SourceVersion "1"]
[SourceVersionDate "2019.07.15"]
[SourceQuality "1"]

1. d4 d5 2. c4 e6 3. Nc3 Nf6 4. cxd5 exd5 5. Bg5 Be7 6. e3 Bf5 7. Qb3 Nbd7 8. Bf4 Nf8 9. Nf3 Bc8 10. Bd3 Ne6 11. Be5 c6 12. 0-0 0-0 13. Rac1 b6 14. Qc2 h6 15. Rfd1 Bb7 16. Qe2 Re8 17. h3 Bd6 18. a3 Bxe5 19. Nxe5 Nd7 20. Nxd7 Qxd7 21. Qg4 Qe7 22. Ne2 c5 23. dxc5 Nxc5 24. Bb5 Red8 25. Nd4 Qe5 26. b4 Ne6 27. Bc6 h5 28. Qh4 Nxd4 29. exd4 Qb8 30. Qxh5 Rd6 31. Bb5 Rh6 32. Qe2 Qd6 33. Bd3 Bc6 34. Re1 Re6 35. Qg4 Rae8 36. Rxe6 Rxe6 37. Bf5 Rf6 38. b5 Bb7 39. Rc3 g6 40. Bc8 Rf4 41. Qd7 Qf6 42. Bxb7 Rxf2 43. Qe8+ Kg7 44. Qe5 1-0

[Event "Rio de Janeiro Fexerj op"]
[Site "Rio de Janeiro"]
[Date "2019.06.02"]
[Round "4"]
[White "Correa De Albuquerque, Pedro Henrique"]
[Black "Fucs, Paulo Moses"]
[Result "0-1"]
[WhiteElo "1647"]
[BlackElo "1969"]
[PlyCount "48"]
[EventDate "2019.06.01"]
[EventType "swiss"]
[EventRounds "6"]
[EventCountry "BRA"]
[SourceTitle "CBM 190 Extra"]
[Source "ChessBase"]
[SourceDate "2019.07.15"]
[SourceVersion "1"]
[SourceVersionDate "2019.07.15"]
[SourceQuality "1"]

1. e4 c5 2. Nf3 e6 3. d4 cxd4 4. Nxd4 Nc6 5. Be3 Nf6 6. Nd2 Be7 7. Be2 0-0 8. 0-0 d5 9. Nxc6 bxc6 10. e5 Nd7 11. f4 f5 12. Kh1 Bc5 13. Bxc5 Nxc5 14. b4 Ne4 15. Nxe4 fxe4 16. c3 Qb6 17. Qd4 Ba6 18. Rae1 Qxd4 19. cxd4 Bxe2 20. Rxe2 a5 21. bxa5 Rxa5 22. Rc2 Ra4 23. Rxc6 Rxd4 24. Rxe6 Rxf4 0-1